000 00710nam a2200229 a 4500
001 BRCA_7804
005 20190320210013.0
008 161013s1960----mx-a######---#000-0#spa-#
041 _aspa
044 _amx
050 4 _aNA4870
_b.M39 1960
100 1 _aMaza, Francisco de la
_d1913-1972
_9278
245 1 0 _aLa Capilla de San José Chiapa
_cpor Francisco de la Maza.
260 _aMéxico
_bINAH
_c1960
300 _a63 p.
_bil.
_c23 cm.
440 0 _aINAH
_pDirección de monumentos coloniales : Publicaciones
_v10
_919332
500 _aX81
650 1 4 _aArquitectura religiosa
_zMéxico
_924
650 1 4 _aSan José Chiapa Capilla
_vMonasterios coloniales
_zMéxico
_919333
902 _aGFM
942 _2lcc
_cB
999 _c7478
_d7478